| 000 | 00334cam a22000977a 4500 | ||
|---|---|---|---|
| 008 | 180718b2003 xxu||||| |||| 00| 0 eng d | ||
| 020 | _a81 7917 029 2 | ||
| 100 | _aAhmed (S.), imtiyaj Ahmed | ||
| 245 |
_aBharat ke musalmano main jativayvastha aur samajik istarikaran _ceditedby by imtiyaj Ahmed (S.) |
||
| 260 |
_aDelhi _bGeanth Silpy _c2003 |
||
| 999 |
_c438943 _d438943 |
||